000 00790nam a2200229 i 4500
003 DO-SdBNP
005 20231109070934.0
006 a||||gr|||| 00| 0
007 ta
008 231108e1936 dr ||||| ty|| 00| 0 spa d
040 _aDO-SdBNP
_bspa
_cBNPHU
_erda
082 4 _222
_bR426i
110 1 _aRepública Domincana.
_bSecretaria de Estado de Sanidad y Beneficiencia
_936741
_eautor
245 _aInforme de la labor rendida durante el primer trimestre del año 1935. /
264 _aHato Mayor, República Dominicana:
_b[sin editora],
_c1936
300 _aAproximadamente 500 páginas sin numerar ;
_c28 cm.
336 _2rdacontent
_atexto
_btxt
337 _2rdamedia
_asin mediación
_bn
338 _2rdacarrier
_avolumen
_bnc
590 _aInventariado 2023 / MF
942 _2ddc
_cLBS1
999 _c55421
_d55421